Представление документа в формате MARC21

Поле Инд. ПП Название Значение
Тип записи a
Библиографический уровень m
001 Контрольный номер RU/LIBMSTU/229614700
005 Дата корректировки 20190507163027.6
008 Кодируемые данные 070416|||||||||ru |||||||||||000|||rus||
020 a ISBN 5-93295-235-0
c Цена, тираж 120-00
040 b Код языка каталог. rus
e Правила каталог. RSBO
041 0_ a Код языка текста rus
084 a Индекс другой классификации/Индекс ББК 67.52
090 a Полочн. индекс 67.52
x Авторский знак Т 59
100 1_ a Автор Торбин Ю. Г.
245 10 a Заглавие Следы и особые приметы на живых лицах (уголовно-процессуальные и криминалистические аспекты обнаружения и использования)
260 a Место издания Москва
b Издательство Юрлитинформ
c Дата издания 2006
300 a Объем 429, [3] с.
440 _0 a Серия Библиотека криминалиста
504 a Библиография Библиогр.: с. 393-430
650 04 a Основная рубрика Криминалистическая тактика
653 0_ a Ключевые слова Криминалистическая тактика
a Ключевые слова Освидетельствование
a Ключевые слова Особые приметы
a Ключевые слова Следственные действия
901 t Тип документа m